Municipios de la zona mixta (con mapa) - Estadísticas

Estadísticas generales
  • Esta prueba ha sido intentada 5 veces
    3 desde el último reinicio
  • La puntuación promedio es 29 de 99
Respuestas en el mapa
Las respuestas están codificadas por una escala verde-roja en el mapa de la prueba según el % correcto abajo.
 
Estadísticas de respuestas
Merindad / Merindadea Comarca / Eskualdea Municipio / Udalerria % Correcto
Sangüesa / Zangoza Prepirineo / Pirinioaurrea Aoiz / Agoitz
67%
Sangüesa / Zangoza Comarca de Pamplona / Iruñerria Aranguren
67%
Pamplona / Iruña Comarca de Pamplona / Iruñerria Barañáin / Barañain
67%
Pamplona / Iruña Comarca de Pamplona / Iruñerria Berrioplano / Berriobeiti
67%
Pamplona / Iruña Comarca de Pamplona / Iruñerria Berrioplano / Berriobeiti
67%
Pamplona / Iruña Comarca de Pamplona / Iruñerria Berriozar
67%
Sangüesa / Zangoza Comarca de Pamplona / Iruñerria Burlada / Burlata
67%
Pamplona / Iruña Comarca de Pamplona / Iruñerria Cizur
67%
Estella-Lizarra Tierra de Estella / Estellerria Estella-Lizarra
67%
Estella-Lizarra Tierra de Estella / Estellerria Eulate
67%
Sangüesa / Zangoza Pirineo / Pirinioak Isaba / Izaba
67%
Estella-Lizarra Tierra de Estella / Estellerria Larraona
67%
Sangüesa / Zangoza Prepirineo / Pirinioaurrea Lónguida / Longida
67%
Sangüesa / Zangoza Pirineo / Pirinioak Ochagavía / Otsagabia
67%
Olite / Erriberri Zona Media / Erdialdea Olite / Erriberri
67%
Sangüesa / Zangoza Pirineo / Pirinioak Oronz / Orontze
67%
Pamplona / Iruña Comarca de Pamplona / Iruñerria Pamplona / Iruña
67%
Sangüesa / Zangoza Pirineo / Pirinioak Roncal / Erronkari
67%
Sangüesa / Zangoza Comarca de Sangüesa / Zangozerria Sangüesa / Zangoza
67%
Olite / Erriberri Zona Media / Erdialdea Tafalla
67%
Estella-Lizarra Comarca de Pamplona / Iruñerria Val de Goñi / Goñerri
67%
Sangüesa / Zangoza Comarca de Pamplona / Iruñerria Valle de Egüés / Eguesibar
67%
Pamplona / Iruña Comarca de Pamplona / Iruñerria Villava / Atarrabia
67%
Pamplona / Iruña Comarca de Pamplona / Iruñerria Zizur Mayor / Zizur Nagusia
67%
Estella-Lizarra Tierra de Estella / Estellerria Abáigar
33%
Estella-Lizarra Tierra de Estella / Estellerria Abárzuza / Abartzuza
33%
Pamplona / Iruña Valdizarbe-Novenera / Izarbeibar-Nobenera Adiós
33%
Sangüesa / Zangoza Comarca de Sangüesa / Zangozerria Aibar / Oibar
33%
Estella-Lizarra Tierra de Estella / Estellerria Allín / Allin
33%
Estella-Lizarra Tierra de Estella / Estellerria Améscoa Baja
33%
Pamplona / Iruña Comarca de Pamplona / Iruñerria Ansoáin / Antsoain
33%
Pamplona / Iruña Comarca de Pamplona / Iruñerria Cendea de Olza / Oltza Zendea
33%
Estella-Lizarra Valdizarbe-Novenera / Izarbeibar-Nobenera Cirauqui / Zirauki
33%
Pamplona / Iruña Comarca de Pamplona / Iruñerria Ciriza / Ziritza
33%
Sangüesa / Zangoza Pirineo / Pirinioak Esparza de Salazar / Espartza Zaraitzu
33%
Sangüesa / Zangoza Pirineo / Pirinioak Ezcároz / Ezkaroze
33%
Pamplona / Iruña Comarca de Pamplona / Iruñerria Galar
33%
Sangüesa / Zangoza Pirineo / Pirinioak Gallués / Galoze
33%
Sangüesa / Zangoza Pirineo / Pirinioak Garde
33%
Sangüesa / Zangoza Prepirineo / Pirinioaurrea Izagaondoa
33%
Pamplona / Iruña Comarca de Pamplona / Iruñerria Iza / Itza
33%
Sangüesa / Zangoza Pirineo / Pirinioak Izalzu / Itzaltzu
33%
Sangüesa / Zangoza Pirineo / Pirinioak Jaurrieta
33%
Pamplona / Iruña Comarca de Pamplona / Iruñerria Juslapeña / Txulapain
33%
Olite / Erriberri Valdizarbe-Novenera / Izarbeibar-Nobenera Mendigorria
33%
Estella-Lizarra Tierra de Estella / Estellerria Metauten
33%
Estella-Lizarra Tierra de Estella / Estellerria Murieta
33%
Estella-Lizarra Tierra de Estella / Estellerria Nazar
33%
Pamplona / Iruña Valdizarbe-Novenera / Izarbeibar-Nobenera Obanos
33%
Pamplona / Iruña Comarca de Pamplona / Iruñerria Orkoien
33%
Estella-Lizarra Tierra de Estella / Estellerria Oteiza
33%
Pamplona / Iruña Valdizarbe-Novenera / Izarbeibar-Nobenera Puenta la Reina / Gares
33%
Olite / Erriberri Zona Media / Erdialdea Pueyo / Puiu
33%
Sangüesa / Zangoza Pirineo / Pirinioak Sarriés / Sartze
33%
Sangüesa / Zangoza Comarca de Pamplona / Iruñerria Tiebas-Muruarte de Reta
33%
Olite / Erriberri Zona Media / Erdialdea Ujué / Uxue
33%
Sangüesa / Zangoza Prepirineo / Pirinioaurrea Urraúl Bajo
33%
Sangüesa / Zangoza Prepirineo / Pirinioaurrea Urroz-Villa
33%
Sangüesa / Zangoza Pirineo / Pirinioak Urzainqui / Urzainki
33%
Sangüesa / Zangoza Pirineo / Pirinioak Uztárroz / Uztarroze
33%
Estella-Lizarra Tierra de Estella / Estellerria Valle de Yerri / Deierri
33%
Estella-Lizarra Tierra de Estella / Estellerria Valle de Yerri / Deierri
33%
Sangüesa / Zangoza Pirineo / Pirinioak Vidángoz / Bidankoze
33%
Estella-Lizarra Tierra de Estella / Estellerria Villatuerta
33%
Estella-Lizarra Tierra de Estella / Estellerria Ancín / Antzin
0%
Pamplona / Iruña Valdizarbe-Novenera / Izarbeibar-Nobenera Añorbe
0%
Estella-Lizarra Tierra de Estella / Estellerria Aranarache / Aranaratxe
0%
Sangüesa / Zangoza Prepirineo / Pirinioaurrea Arce / Artzi
0%
Estella-Lizarra Tierra de Estella / Estellerria Arellano
0%
Estella-Lizarra Valdizarbe-Novenera / Izarbeibar-Nobenera Artazu
0%
Estella-Lizarra Tierra de Estella / Estellerria Bargota
0%
Pamplona / Iruña Comarca de Pamplona / Iruñerria Belascoáin
0%
Pamplona / Iruña Comarca de Pamplona / Iruñerria Beriáin
0%
Pamplona / Iruña Comarca de Pamplona / Iruñerria Bidaurreta
0%
Pamplona / Iruña Valdizarbe-Novenera / Izarbeibar-Nobenera Biurrun-Olcoz
0%
Sangüesa / Zangoza Pirineo / Pirinioak Burgui / Burgi
0%
Estella-Lizarra Tierra de Estella / Estellerria Cabredo
0%
Estella-Lizarra Tierra de Estella / Estellerria Dicastillo
0%
Pamplona / Iruña Comarca de Pamplona / Iruñerria Echarri / Etxarri
0%
Pamplona / Iruña Valdizarbe-Novenera / Izarbeibar-Nobenera Enériz / Eneritz
0%
Pamplona / Iruña Comarca de Pamplona / Iruñerria Etxauri
0%
Pamplona / Iruña Comarca de Pamplona / Iruñerria Ezcabarte
0%
Olite / Erriberri Zona Media / Erdialdea Garínoain
0%
Sangüesa / Zangoza Pirineo / Pirinioak Güesa / Gorza
0%
Estella-Lizarra Tierra de Estella / Estellerria Guesálaz / Gesalatz
0%
Estella-Lizarra Tierra de Estella / Estellerria Guesálaz / Gesalatz
0%
Sangüesa / Zangoza Comarca de Pamplona / Iruñerria Huarte / Uharte
0%
Olite / Erriberri Zona Media / Erdialdea Leoz / Leotz
0%
Sangüesa / Zangoza Tierra de Estella / Estellerria Lerga
0%
Estella-Lizarra Tierra de Estella / Estellerria Lezaun
0%
Sangüesa / Zangoza Prepirineo / Pirinioaurrea Lizoáin-Arriasgoiti / Lizoainibar-Arriasgoiti
0%
Estella-Lizarra Tierra de Estella / Estellerria Mirafuentes
0%
Pamplona / Iruña Comarca de Pamplona / Iruñerria Odieta
0%
Pamplona / Iruña Comarca de Pamplona / Iruñerria Oláibar
0%
Pamplona / Iruña Prepirineo / Pirinioaurrea Oroz-Betelu / Orotz-Betelu
0%
Estella-Lizarra Tierra de Estella / Estellerria Salinas de Oro / Jaitz
0%
Pamplona / Iruña Valdizarbe-Novenera / Izarbeibar-Nobenera Tirapu
0%
Pamplona / Iruña Comarca de Pamplona / Iruñerria Valle de Ollo / Ollaran
0%
Pamplona / Iruña Comarca de Pamplona / Iruñerria Zabalza / Zabaltza
0%
No se encontraron pruebas coincidentes
Distribución de puntuación
Porcentaje de gente con cada puntuación
Porcentaje por número respondido
Historial de tus puntuaciones
No has intentado esta prueba desde el último reinicio